Statystyki dla Rozpoznaj znane Agaty

Kliknij tutaj aby rozwiązać quiz!

Ogólne statystyki

  • Ten quiz został rozwiązany 40 razy
  • Średni wynik to 5 z 11

Statystyki odpowiedzi

Odpowiedź% Poprawnych
Agata Duda
100%
Agata Meble
73%
Agata Młynarska
70%
Agata Kulesza
62%
Agata Mróz-Olszewska
54%
Agata Buzek
51%
Agata Dziarmagowska
24%
Agata Konarska
8%
Agata Trzebuchowska
8%
Agata Załęcka
8%
Agata Kołakowska
3%

Rozkład punktacji

Percentyl według liczby udzielonych odpowiedzi

Procent ludzi z każdym wynikiem

Twoja historia wyników

Nie rozwiązałeś tego quizu